[Event "Angers op 4th"]
[Site "Angers"]
[Date "2009.04.18"]
[Round "4"]
[White "David, Jean Luc"]
[Black "Perez, Alexandre"]
[Result "0-1"]
[WhiteElo "1721"]
[BlackElo "1916"]
[PlyCount "60"]
[EventDate "2009.04.17"]
[EventType "swiss"]
[EventRounds "6"]
[EventCountry "FRA"]
[SourceTitle "CBM 129 Extra"]
[Source "ChessBase"]
[SourceDate "2009.05.05"]
[SourceVersion "2"]
[SourceVersionDate "2009.05.20"]
[SourceQuality "1"]

1. e4 e5 2. Bc4 Nf6 3. Nc3 Nc6 4. Nf3 Be7 5. d3 d6 6. Ng5 0-0 7. f4 Bg4 8. Nf3 Nd4 9. h3 Bxf3 10. gxf3 Nh5 11. Be3 Nxf4 12. Bxd4 exd4 13. Ne2 Ng2+ 14. Kd2 Bg5+ 15. f4 Qf6 16. Qf1 Bxf4+ 17. Nxf4 Qxf4+ 18. Qxf4 Nxf4 19. Raf1 Ng6 20. b4 Ne5 21. Bb3 a5 22. bxa5 Rxa5 23. Rf5 Nc6 24. Bd5 Ne5 25. Rhf1 c6 26. Bb3 b5 27. h4 c5 28. Bd5 c4 29. h5 Rxa2 30. Rb1 c3+ 0-1

[Event "Noisy le Grand-B 1st"]
[Site "Noisy le Grand"]
[Date "2008.12.30"]
[Round "5"]
[White "Maillot, Gregory"]
[Black "Perez, Alexandre"]
[Result "0-1"]
[WhiteElo "1924"]
[BlackElo "1890"]
[PlyCount "76"]
[EventDate "2008.12.26"]
[EventType "tourn"]
[EventRounds "5"]
[EventCountry "FRA"]
[SourceTitle "EXT 2010"]
[Source "ChessBase"]
[SourceDate "2010.11.25"]
[SourceVersion "1"]
[SourceVersionDate "2010.11.25"]
[SourceQuality "1"]

1. Nf3 Nf6 2. c4 g6 3. Nc3 d5 4. Qa4+ Bd7 5. Qb3 Bc6 6. cxd5 Bxd5 7. Nxd5 Qxd5 8. Qxd5 Nxd5 9. a3 Bg7 10. e4 Nf6 11. e5 Nd5 12. d4 e6 13. Bc4 0-0 14. 0-0 Nc6 15. Bxd5 exd5 16. Bd2 Rfe8 17. Rfe1 f6 18. exf6 Bxf6 19. Bc3 Ne7 20. Ne5 Nf5 21. Nd7 Bg7 22. Nc5 Nxd4 23. Bxd4 Bxd4 24. Ne6 Bb6 25. Rad1 c6 26. Rd3 Re7 27. Rd2 Rae8 28. Rde2 h6 29. Nf4 Rxe2 30. Rxe2 Rxe2 31. Nxe2 Kf7 32. Kf1 Ke6 33. f4 Kf5 34. Ke1 Be3 35. g3 Ke4 36. Kd1 Kd3 37. Nc1+ Bxc1 38. Kxc1 Ke2 0-1

[Event "Noisy le Grand-B 1st"]
[Site "Noisy le Grand"]
[Date "2008.12.27"]
[Round "2"]
[White "Perez, Alexandre"]
[Black "Dourerassou, Cynthia"]
[Result "1-0"]
[WhiteElo "1890"]
[BlackElo "1912"]
[PlyCount "51"]
[EventDate "2008.12.26"]
[EventType "tourn"]
[EventRounds "5"]
[EventCountry "FRA"]
[SourceTitle "EXT 2010"]
[Source "ChessBase"]
[SourceDate "2010.11.25"]
[SourceVersion "1"]
[SourceVersionDate "2010.11.25"]
[SourceQuality "1"]

1. d4 Nf6 2. Nf3 g6 3. g3 Bg7 4. Bg2 0-0 5. 0-0 d5 6. c4 c6 7. Nc3 Nbd7 8. cxd5 cxd5 9. Qb3 Nb6 10. Bf4 Kh8 11. Rfd1 Ne4 12. Nxe4 dxe4 13. Ng5 Bd7 14. Nxf7+ Rxf7 15. Qxf7 Bc6 16. Be5 Bxe5 17. dxe5 Qc7 18. Qe6 Re8 19. Rac1 Rd8 20. Qf7 Rg8 21. Qf4 Qb8 22. Bxe4 Rf8 23. Qh4 Bxe4 24. Qxe4 e6 25. Rd6 Re8 26. Qh4 1-0

[Event "Champigny sur Marne op"]
[Site "Champigny sur Marne"]
[Date "2007.03.03"]
[Round "5"]
[White "Pozdnjakov, Evgueniy"]
[Black "Perez, Alexandre"]
[Result "0-1"]
[WhiteElo "2252"]
[BlackElo "1824"]
[PlyCount "66"]
[EventDate "2007.03.01"]
[EventType "swiss"]
[EventRounds "6"]
[EventCountry "FRA"]
[SourceTitle "CBM 117 Extra"]
[Source "ChessBase"]
[SourceDate "2007.05.09"]
[SourceVersion "1"]
[SourceVersionDate "2007.05.09"]
[SourceQuality "1"]

1. d4 Nf6 2. Nf3 g6 3. c4 d5 4. Nc3 Bg7 5. cxd5 Nxd5 6. e4 Nxc3 7. bxc3 c5 8. Rb1 0-0 9. Be2 cxd4 10. cxd4 Qa5+ 11. Bd2 Qxa2 12. 0-0 Bg4 13. Bg5 h6 14. Be3 Nc6 15. d5 Ne5 16. Re1 Nxf3+ 17. Bxf3 Bxf3 18. gxf3 Rfd8 19. Re2 Qa6 20. Rc2 e6 21. Rd2 exd5 22. Rxd5 Rxd5 23. Qxd5 Qc6 24. Qd2 g5 25. Rc1 Qf6 26. Kg2 b6 27. Rc7 Rd8 28. Qa2 a5 29. Bxb6 g4 30. fxg4 Qf4 31. Rc3 Bxc3 32. Bxd8 Qxg4+ 33. Kh1 Qd1+ 0-1

[Event "Avoine op 21th"]
[Site "Avoine"]
[Date "2006.07.26"]
[Round "5"]
[White "Aoustin, Arnaud"]
[Black "Perez, Alexandre"]
[Result "1-0"]
[WhiteElo "2074"]
[BlackElo "1880"]
[PlyCount "29"]
[EventDate "2006.07.22"]
[EventType "swiss"]
[EventRounds "9"]
[EventCountry "FRA"]
[SourceTitle "EXT 2007"]
[Source "ChessBase"]
[SourceDate "2006.11.23"]
[SourceVersion "1"]
[SourceVersionDate "2006.11.23"]
[SourceQuality "1"]

1. e4 c5 2. Nf3 g6 3. c3 Bg7 4. d4 cxd4 5. cxd4 Nc6 6. Nc3 d6 7. Be2 Bd7 8. 0-0 e6 9. d5 Ne5 10. dxe6 Bxe6 11. Nd4 Bc4 12. Bxc4 Nxc4 13. Qa4+ Kf8 14. Qxc4 Rc8 15. Qd3 1-0